| 000 | 01109ngm a22003490a 4500 | ||
|---|---|---|---|
| 001 | PT13981 | ||
| 003 | AR-LpoUNG | ||
| 005 | 20210202000521.0 | ||
| 007 | vd cvaizq | ||
| 008 | 191001s1998||||ag |||||||||||||||||spa d | ||
| 037 | _c$33.33 | ||
| 040 |
_aAR-LpoUNG _bspa _cAR-LpoUNG _eaacr |
||
| 041 | _aspa | ||
| 044 | _aag | ||
| 082 | 0 | _a909.8 591v7 | |
| 245 | 1 | 0 |
_a1946-1956, el balcón de la historia : _bde Evita a la libertadora |
| 260 |
_aBuenos Aires : _bArte Gráfico Editorial Argentino, _c1998. |
||
| 300 | _aVHS (35 min.) : son., col. | ||
| 520 | _aSumario: Nüremberg, crímenes contra la humanidad; Independencia de Filipinas; Nace la bikini; Nobel de literatura; China comunista; Juegos panamericanos; La conquista del Himalaya; Cine nacional. | ||
| 650 | 4 | _aALEMANIA | |
| 650 | 4 | _aARGENTINA | |
| 650 | 4 | _aDISCRIMINACION | |
| 650 | 4 | _aESTADOS UNIDOS | |
| 650 | 4 | _aLITERATURA | |
| 650 | 4 | _aMEDIOS DE COMUNICACION DE MASA | |
| 650 | 4 | _aPROBLEMAS SOCIALES | |
| 650 | 4 | _aVIOLENCIA | |
| 653 | _aVIDEOS | ||
| 710 | 2 | _aClarín (Buenos Aires) | |
| 905 | _a13981 | ||
| 942 | _cVIDEO | ||
| 999 |
_c55021 _d55021 |
||